00771nam a2200241Ia 4500001000600000003000900006008004100015040001300056040001300069041001300082100002000095100002900115245002700144245003800171250001100209260001300220260002700233260004900260300005900309500008900368650004100457650003100498A2125IT-RoPAU130308s9999 xx 000 0 und d aIT-RoPAU cIT-RoPAU aFRANCESE aSimon Jean-Paul gCodice Aut. SPICS: 1244 aChat et la souris (Le) bMedias et Communication En Europe a1a ed. aGRENOBLE bPresses Universitaires c1990 [1° Ed.:1990 - Ed.Ling.Originale:1990] a"10 p. (prefazione: no ; testo: 10 [pagine: 115-124])" aGatto e topo. Quale Economia Mista? Evoluzione delle forme D'Intervento Dello Stato. aPOLITICA DELLA COMUNICAZIONE SOCIALE eCodice materia Spics: 3803